[Event "HUN-chT 1314"]
[Site "Hungary"]
[Date "2013.10.20"]
[Round "3"]
[White "Hera, Imre Jr"]
[Black "Sax, Gyula"]
[Result "1-0"]
[WhiteElo "2564"]
[BlackElo "2436"]
[PlyCount "63"]
[EventDate "2013.09.08"]
[EventType "team-tourn"]
[EventRounds "9"]
[EventCountry "HUN"]
[SourceTitle "EXT 2015"]
[Source "ChessBase"]
[SourceDate "2014.11.20"]
[SourceVersion "1"]
[SourceVersionDate "2014.11.20"]
[SourceQuality "1"]
[WhiteTeam "Penzugyor"]
[BlackTeam "Csuti"]
[WhiteTeamCountry "HUN"]
[BlackTeamCountry "HUN"]

1. d4 Nf6 2. c4 e6 3. Nf3 b6 4. g3 Ba6 5. Qc2 Bb7 6. Bg2 Bb4+ 7. Bd2 Bxd2+ 8. Qxd2 0-0 9. Nc3 d5 10. cxd5 exd5 11. 0-0 Nbd7 12. Ne5 Qe7 13. Nd3 Rfd8 14. Rac1 Nf8 15. b4 Ne6 16. e3 c6 17. Qb2 Rac8 18. Rfd1 Rc7 19. Ne5 Nd7 20. Nd3 Nf6 21. Ne5 Nd7 22. Nxd7 Rcxd7 23. Qb3 Rd6 24. a4 Nc7 25. Rc2 Bc8 26. Rcd2 Bg4 27. Rc1 Be6 28. Ne2 Bg4 29. Nf4 Bf5 30. Nd3 Bd7 31. Rdc2 Bf5 32. Rxc6 1-0

[Event "HUN-chT 1314"]
[Site "Hungary"]
[Date "2013.09.22"]
[Round "2"]
[White "Sax, Gyula"]
[Black "Farago, Ivan"]
[Result "1/2-1/2"]
[WhiteElo "2436"]
[BlackElo "2477"]
[PlyCount "29"]
[EventDate "2013.09.08"]
[EventType "team-tourn"]
[EventRounds "9"]
[EventCountry "HUN"]
[SourceTitle "EXT 2015"]
[Source "ChessBase"]
[SourceDate "2014.11.20"]
[SourceVersion "1"]
[SourceVersionDate "2014.11.20"]
[SourceQuality "1"]
[WhiteTeam "Csuti"]
[BlackTeam "Dunaharaszti"]
[WhiteTeamCountry "HUN"]
[BlackTeamCountry "HUN"]

1. e4 e6 2. d4 d5 3. e5 c5 4. c3 Qb6 5. Nf3 Nc6 6. a3 c4 7. g3 Na5 8. Nbd2 Bd7 9. Bg2 Ne7 10. 0-0 Nec6 11. Ne1 Be7 12. Nc2 Nb3 13. Nxb3 Qxb3 14. Qe2 0-0 15. Ne3 1/2-1/2

[Event "HUN-chT 1314"]
[Site "Hungary"]
[Date "2013.09.08"]
[Round "1"]
[White "Sax, Gyula"]
[Black "Gledura, Benjamin"]
[Result "1/2-1/2"]
[WhiteElo "2436"]
[BlackElo "2422"]
[PlyCount "41"]
[EventDate "2013.09.08"]
[EventType "team-tourn"]
[EventRounds "9"]
[EventCountry "HUN"]
[SourceTitle "EXT 2015"]
[Source "ChessBase"]
[SourceDate "2014.11.20"]
[SourceVersion "1"]
[SourceVersionDate "2014.11.20"]
[SourceQuality "1"]
[WhiteTeam "Csuti"]
[BlackTeam "Budapest Titanok"]
[WhiteTeamCountry "HUN"]
[BlackTeamCountry "HUN"]

1. e4 c6 2. Nc3 d5 3. Nf3 Bg4 4. h3 Bxf3 5. Qxf3 e6 6. a3 dxe4 7. Nxe4 Nd7 8. g3 Ngf6 9. Bg2 Nxe4 10. Qxe4 Nf6 11. Qe2 Be7 12. 0-0 0-0 13. c3 Qb6 14. d4 Rad8 15. b4 Nd5 16. Bd2 Bf6 17. Kh1 Qc7 18. f4 b6 19. Rac1 c5 20. g4 cxd4 21. g5 1/2-1/2

[Event "Kecskemet Caissa GM 08"]
[Site "Kecskemet"]
[Date "2013.08.25"]
[Round "13"]
[White "Jia, Haoxiang"]
[Black "Sax, Gyula"]
[Result "1-0"]
[WhiteElo "2363"]
[BlackElo "2478"]
[PlyCount "87"]
[EventDate "2013.08.17"]
[EventType "tourn"]
[EventRounds "14"]
[EventCountry "HUN"]
[EventCategory "6"]
[SourceTitle "CBM 156 Extra"]
[Source "ChessBase"]
[SourceDate "2013.10.22"]
[SourceVersion "1"]
[SourceVersionDate "2013.10.22"]
[SourceQuality "1"]

1. d4 Nf6 2. c4 e6 3. Nf3 b6 4. g3 Ba6 5. Qc2 c6 6. Bg2 d5 7. Nbd2 Nbd7 8. 0-0 Be7 9. b3 0-0 10. e4 Rc8 11. Rd1 Bb7 12. Bb2 Qc7 13. Rac1 Nxe4 14. Nxe4 dxe4 15. Qxe4 c5 16. Qe2 cxd4 17. Nxd4 Bxg2 18. Kxg2 a6 19. Kg1 Bf6 20. Rc2 Qb7 21. Qf3 Qc7 22. Rcd2 Ne5 23. Qe4 Nc6 24. Nxc6 Qxc6 25. Qxc6 Rxc6 26. Bxf6 gxf6 27. Rd7 f5 28. Ra7 a5 29. Rdd7 Kg7 30. Rab7 Kf6 31. f4 a4 32. Kf2 axb3 33. axb3 h6 34. Ke3 e5 35. fxe5+ Kxe5 36. Rd5+ Kf6 37. Kf4 Kg6 38. Rxf5 Rd8 39. Rfxf7 Rd3 40. Rg7+ Kh5 41. Rbf7 Rd4+ 42. Ke3 Rg4 43. Rf5+ Rg5 44. Rgxg5+ 1-0

[Event "Kecskemet Caissa GM 08"]
[Site "Kecskemet"]
[Date "2013.08.23"]
[Round "11"]
[White "Antal, Tibor Kende"]
[Black "Sax, Gyula"]
[Result "1/2-1/2"]
[WhiteElo "2358"]
[BlackElo "2478"]
[PlyCount "24"]
[EventDate "2013.08.17"]
[EventType "tourn"]
[EventRounds "14"]
[EventCountry "HUN"]
[EventCategory "6"]
[SourceTitle "CBM 156 Extra"]
[Source "ChessBase"]
[SourceDate "2013.10.22"]
[SourceVersion "1"]
[SourceVersionDate "2013.10.22"]
[SourceQuality "1"]

1. e4 c5 2. Nf3 e6 3. d4 cxd4 4. Nxd4 Nc6 5. Nc3 a6 6. Nxc6 bxc6 7. Bd3 Qc7 8. 0-0 Nf6 9. Qe2 Bd6 10. h3 h6 11. Bd2 0-0 12. Rae1 e5 1/2-1/2

[Event "Kecskemet Caissa GM 07"]
[Site "Kecskemet"]
[Date "2013.07.28"]
[Round "13"]
[White "Sax, Gyula"]
[Black "Groszpeter, Attila"]
[Result "1/2-1/2"]
[WhiteElo "2478"]
[BlackElo "2469"]
[PlyCount "44"]
[EventDate "2013.07.20"]
[EventType "tourn"]
[EventRounds "14"]
[EventCountry "HUN"]
[EventCategory "6"]
[SourceTitle "EXT 2014"]
[Source "ChessBase"]
[SourceDate "2013.11.20"]
[SourceVersion "1"]
[SourceVersionDate "2013.11.20"]
[SourceQuality "1"]

1. e4 e5 2. Nf3 Nc6 3. Bb5 a6 4. Ba4 Nf6 5. 0-0 Be7 6. Re1 b5 7. Bb3 0-0 8. c3 d5 9. exd5 Nxd5 10. Nxe5 Nxe5 11. Rxe5 c6 12. d4 Bd6 13. Re1 Qh4 14. g3 Qh3 15. Re4 g5 16. Qf1 Qh5 17. Nd2 Bf5 18. f3 Nf6 19. Qg2 Qg6 20. Re3 Rae8 21. Ne4 Nxe4 22. g4 Ng3 1/2-1/2

[Event "Kecskemet Caissa GM 07"]
[Site "Kecskemet"]
[Date "2013.07.27"]
[Round "12"]
[White "Fernandez, Daniel Howard"]
[Black "Sax, Gyula"]
[Result "1/2-1/2"]
[WhiteElo "2346"]
[BlackElo "2478"]
[PlyCount "37"]
[EventDate "2013.07.20"]
[EventType "tourn"]
[EventRounds "14"]
[EventCountry "HUN"]
[EventCategory "6"]
[SourceTitle "EXT 2014"]
[Source "ChessBase"]
[SourceDate "2013.11.20"]
[SourceVersion "1"]
[SourceVersionDate "2013.11.20"]
[SourceQuality "1"]

1. d4 Nf6 2. c4 e6 3. Nf3 c5 4. Nc3 cxd4 5. Nxd4 Nc6 6. Ndb5 d5 7. Bf4 e5 8. cxd5 exf4 9. dxc6 bxc6 10. Qxd8+ Kxd8 11. 0-0-0+ Bd7 12. Nd6 Bxd6 13. Rxd6 Kc7 14. Rd4 g5 15. g3 fxg3 16. hxg3 h5 17. Bg2 Be6 18. Ra4 a5 19. Bf3 1/2-1/2

[Event "Kecskemet Caissa GM 07"]
[Site "Kecskemet"]
[Date "2013.07.26"]
[Round "10"]
[White "Ilincic, Zlatko"]
[Black "Sax, Gyula"]
[Result "1/2-1/2"]
[WhiteElo "2426"]
[BlackElo "2478"]
[PlyCount "32"]
[EventDate "2013.07.20"]
[EventType "tourn"]
[EventRounds "14"]
[EventCountry "HUN"]
[EventCategory "6"]
[SourceTitle "EXT 2014"]
[Source "ChessBase"]
[SourceDate "2013.11.20"]
[SourceVersion "1"]
[SourceVersionDate "2013.11.20"]
[SourceQuality "1"]

1. d4 Nf6 2. c4 e6 3. Nc3 Bb4 4. Bg5 c5 5. d5 d6 6. e3 exd5 7. cxd5 Nbd7 8. Bd3 h6 9. Bh4 Bxc3+ 10. bxc3 Qa5 11. Ne2 Nxd5 12. 0-0 0-0 13. c4 N5f6 14. Qc2 Re8 15. Nc3 a6 16. Rab1 Qc7 1/2-1/2

[Event "Kecskemet Caissa GM 07"]
[Site "Kecskemet"]
[Date "2013.07.25"]
[Round "8"]
[White "Mihok, Oliver"]
[Black "Sax, Gyula"]
[Result "1/2-1/2"]
[WhiteElo "2458"]
[BlackElo "2478"]
[PlyCount "40"]
[EventDate "2013.07.20"]
[EventType "tourn"]
[EventRounds "14"]
[EventCountry "HUN"]
[EventCategory "6"]
[SourceTitle "EXT 2014"]
[Source "ChessBase"]
[SourceDate "2013.11.20"]
[SourceVersion "1"]
[SourceVersionDate "2013.11.20"]
[SourceQuality "1"]

1. e4 e5 2. Nf3 Nc6 3. Bb5 a6 4. Ba4 Nf6 5. 0-0 Be7 6. Re1 b5 7. Bb3 d6 8. c3 0-0 9. h3 Na5 10. Bc2 c5 11. d4 Qc7 12. Nbd2 Nc6 13. d5 Nd8 14. a4 Rb8 15. c4 b4 16. Nf1 Ne8 17. g4 g6 18. Ng3 f6 19. b3 Ng7 20. Kg2 Nf7 1/2-1/2

[Event "Kecskemet Caissa GM 05"]
[Site "Kecskemet"]
[Date "2013.05.27"]
[Round "10"]
[White "Sax, Gyula"]
[Black "Ilincic, Zlatko"]
[Result "1/2-1/2"]
[WhiteElo "2470"]
[BlackElo "2414"]
[PlyCount "28"]
[EventDate "2013.05.18"]
[EventType "tourn"]
[EventRounds "10"]
[EventCountry "HUN"]
[EventCategory "8"]
[SourceTitle "CBM 154 Extra"]
[Source "ChessBase"]
[SourceDate "2013.06.25"]
[SourceVersion "2"]
[SourceVersionDate "2013.06.25"]
[SourceQuality "1"]

1. e4 e5 2. Nf3 Nc6 3. Bb5 Nf6 4. d3 Bc5 5. c3 0-0 6. 0-0 Re8 7. Nbd2 a6 8. Ba4 h6 9. Re1 b5 10. Bb3 Bb7 11. Nf1 d6 12. Be3 Qd7 13. Nh4 Qg4 14. Qxg4 Nxg4 1/2-1/2

[Event "Kecskemet Caissa GM 05"]
[Site "Kecskemet"]
[Date "2013.05.22"]
[Round "5"]
[White "Ilincic, Zlatko"]
[Black "Sax, Gyula"]
[Result "1/2-1/2"]
[WhiteElo "2414"]
[BlackElo "2470"]
[PlyCount "28"]
[EventDate "2013.05.18"]
[EventType "tourn"]
[EventRounds "10"]
[EventCountry "HUN"]
[EventCategory "8"]
[SourceTitle "CBM 154 Extra"]
[Source "ChessBase"]
[SourceDate "2013.06.25"]
[SourceVersion "2"]
[SourceVersionDate "2013.06.25"]
[SourceQuality "1"]

1. d4 Nf6 2. c4 e6 3. Nf3 b6 4. g3 Ba6 5. Qb3 c6 6. Bg5 d5 7. cxd5 Qxd5 8. Bg2 Qxb3 9. axb3 Bb7 10. Ne5 Nd5 11. Nc4 Bb4+ 12. Bd2 Be7 13. 0-0 Nd7 14. Nc3 0-0 1/2-1/2

[Event "CRO-chT1A 21st"]
[Site "Sibenik"]
[Date "2012.09.30"]
[Round "8.41"]
[White "Sax, Gyula"]
[Black "Grachev, Boris V"]
[Result "0-1"]
[WhiteElo "2451"]
[BlackElo "2672"]
[PlyCount "58"]
[EventDate "2012.09.23"]
[EventType "team-tourn"]
[EventRounds "9"]
[EventCountry "CRO"]
[SourceTitle "CBM 150 Extra"]
[Source "ChessBase"]
[SourceDate "2012.10.19"]
[SourceVersion "1"]
[SourceVersionDate "2012.10.19"]
[SourceQuality "1"]
[WhiteTeam "Bibinje Goran"]
[BlackTeam "Rijeka"]
[WhiteTeamCountry "CRO"]
[BlackTeamCountry "CRO"]

1. e4 c5 2. Nf3 e6 3. g3 Nc6 4. Bg2 Nf6 5. d3 d5 6. Qe2 Be7 7. 0-0 0-0 8. e5 Ne8 9. c3 Nc7 10. Nbd2 b5 11. Nb3 a5 12. Be3 Na6 13. c4 bxc4 14. dxc4 a4 15. Nbd2 Nab4 16. a3 Nc2 17. Rac1 Nxe3 18. Qxe3 Rb8 19. Ne1 Na5 20. Nd3 Nb3 21. Nxb3 Rxb3 22. Rfd1 dxc4 23. Rxc4 Ba6 24. Qe4 Bxc4 25. Qxc4 Qd7 26. Bf1 Rd8 27. Be2 Qb5 28. Qxb5 Rxb5 29. Rc1 Rb3 0-1

[Event "Kecskemet Caissa GM 09"]
[Site "Kecskemet"]
[Date "2012.09.21"]
[Round "8"]
[White "Sax, Gyula"]
[Black "Fodor, Tamas Jr"]
[Result "1/2-1/2"]
[WhiteElo "2451"]
[BlackElo "2487"]
[PlyCount "25"]
[EventDate "2012.09.15"]
[EventType "tourn"]
[EventRounds "10"]
[EventCountry "HUN"]
[EventCategory "8"]
[SourceTitle "CBM 150 Extra"]
[Source "ChessBase"]
[SourceDate "2012.10.19"]
[SourceVersion "1"]
[SourceVersionDate "2012.10.19"]
[SourceQuality "1"]

1. e4 e5 2. Nf3 Nc6 3. Bb5 Nf6 4. 0-0 Nxe4 5. Re1 Nd6 6. Nxe5 Be7 7. Bf1 Nxe5 8. Rxe5 0-0 9. d4 Bf6 10. Re1 Re8 11. c3 Rxe1 12. Qxe1 Qe8 13. Qxe8+ 1/2-1/2

[Event "Kecskemet Caissa GM 07"]
[Site "Kecskemet"]
[Date "2012.07.21"]
[Round "1"]
[White "Sax, Gyula"]
[Black "Petenyi, Tamas"]
[Result "1/2-1/2"]
[WhiteElo "2458"]
[BlackElo "2442"]
[PlyCount "36"]
[EventDate "2012.07.21"]
[EventType "tourn"]
[EventRounds "9"]
[EventCountry "HUN"]
[EventCategory "6"]
[SourceTitle "CBM 149 Extra"]
[Source "ChessBase"]
[SourceDate "2012.08.24"]
[SourceVersion "1"]
[SourceVersionDate "2012.08.24"]
[SourceQuality "1"]

1. e4 c5 2. Nf3 Nc6 3. d4 cxd4 4. Nxd4 Qb6 5. Nb3 Nf6 6. Bd3 e6 7. 0-0 Be7 8. c4 d6 9. Nc3 0-0 10. Be3 Qd8 11. Nd4 Bd7 12. Rc1 Nxd4 13. Bxd4 Bc6 14. Bb1 Nd7 15. Be3 Nf6 16. Kh1 a6 17. f3 Rc8 18. Qd2 b5 1/2-1/2

[Event "Zalakaros op 31st"]
[Site "Zalakaros"]
[Date "2012.06.15"]
[Round "8"]
[White "Sax, Gyula"]
[Black "Ianov, Viktor"]
[Result "1-0"]
[WhiteElo "2463"]
[BlackElo "2327"]
[PlyCount "99"]
[EventDate "2012.06.08"]
[EventType "swiss"]
[EventRounds "9"]
[EventCountry "HUN"]
[SourceTitle "EXT 2014"]
[Source "ChessBase"]
[SourceDate "2013.11.20"]
[SourceVersion "1"]
[SourceVersionDate "2013.11.20"]
[SourceQuality "1"]

1. e4 d6 2. d4 Nf6 3. Nc3 e5 4. Nge2 Be7 5. g3 c6 6. a4 b6 7. Bg2 Nbd7 8. h3 h5 9. 0-0 a6 10. Be3 Rb8 11. f4 Qc7 12. Qd2 0-0 13. Rad1 Re8 14. fxe5 dxe5 15. d5 cxd5 16. Nxd5 Nxd5 17. exd5 Bd6 18. Nc3 Nf8 19. Qe2 g6 20. Ne4 Nh7 21. Rf6 Nxf6 22. Nxf6+ Kf8 23. Bh6+ Ke7 24. Bg5 Kf8 25. Nxe8 Kxe8 26. Bf6 Bf5 27. c3 b5 28. axb5 Qb6+ 29. Kh1 Qxb5 30. Qe3 Qb6 31. Qh6 Qf2 32. Qh8+ Kd7 33. Qg7 Rxb2 34. Qxf7+ Kc8 35. Rg1 Kb8 36. Bxe5 Bxe5 37. Qe8+ Ka7 38. Qe7+ Rb7 39. Qxe5 a5 40. Ra1 Qc5 41. c4 Rb4 42. Qg7+ Rb7 43. Qf6 Rb6 44. Qd8 Qxc4 45. d6 Qc8 46. Qe7+ Kb8 47. Rxa5 Rb7 48. d7 Qc1+ 49. Kh2 Rxd7 50. Qe5+ 1-0

[Event "Zalakaros op 31st"]
[Site "Zalakaros"]
[Date "2012.06.11"]
[Round "4"]
[White "Sax, Gyula"]
[Black "Juhasz, Kristof"]
[Result "1/2-1/2"]
[WhiteElo "2463"]
[BlackElo "2357"]
[PlyCount "73"]
[EventDate "2012.06.08"]
[EventType "swiss"]
[EventRounds "9"]
[EventCountry "HUN"]
[SourceTitle "EXT 2014"]
[Source "ChessBase"]
[SourceDate "2013.11.20"]
[SourceVersion "1"]
[SourceVersionDate "2013.11.20"]
[SourceQuality "1"]

1. e4 c6 2. d4 d5 3. e5 Bf5 4. Nd2 e6 5. Nb3 c5 6. Nxc5 Bxc5 7. dxc5 Qa5+ 8. c3 Qxc5 9. Nf3 Qc7 10. Bf4 Nc6 11. Nd4 Nxd4 12. Qxd4 Ne7 13. Bb5+ Nc6 14. Qc5 a6 15. Ba4 Rc8 16. 0-0 Qe7 17. Qb6 0-0 18. Rfe1 d4 19. cxd4 Qb4 20. Qxb4 Nxb4 21. Re2 Bc2 22. Bxc2 Nxc2 23. Rd1 Nb4 24. a3 Nd5 25. Be3 Rc4 26. Red2 h5 27. Kf1 b5 28. Rd3 Rfc8 29. Ke2 Kh7 30. Kf3 Kg6 31. Ke4 f6 32. exf6 Nxf6+ 33. Kf3 Kf5 34. h3 g5 35. Bd2 g4+ 36. hxg4+ hxg4+ 37. Ke2 1/2-1/2

[Event "Zalakaros op 31st"]
[Site "Zalakaros"]
[Date "2012.06.10"]
[Round "3"]
[White "Radovanovic, Jovica"]
[Black "Sax, Gyula"]
[Result "1/2-1/2"]
[WhiteElo "2298"]
[BlackElo "2463"]
[PlyCount "52"]
[EventDate "2012.06.08"]
[EventType "swiss"]
[EventRounds "9"]
[EventCountry "HUN"]
[SourceTitle "EXT 2014"]
[Source "ChessBase"]
[SourceDate "2013.11.20"]
[SourceVersion "1"]
[SourceVersionDate "2013.11.20"]
[SourceQuality "1"]

1. c4 Nf6 2. Nc3 e5 3. e3 d6 4. d4 Nbd7 5. Nf3 g6 6. g3 Bg7 7. Bg2 0-0 8. 0-0 c6 9. b3 Re8 10. Qc2 Nf8 11. h3 e4 12. Nd2 d5 13. Ba3 Ne6 14. Rac1 h5 15. f4 exf3 16. Nxf3 Bh6 17. Rce1 Ng5 18. Nxg5 Bxg5 19. Bc1 Be6 20. e4 Bxc1 21. exd5 Bxh3 22. Rxc1 Bxg2 23. Qxg2 Ng4 24. Qf3 f5 25. Rce1 Qf6 26. Qf4 Rad8 1/2-1/2

[Event "Kecskemet Caissa GM 03"]
[Site "Kecskemet"]
[Date "2012.03.23"]
[Round "7"]
[White "Sax, Gyula"]
[Black "Khademalsharieh, Sarasadat"]
[Result "1/2-1/2"]
[WhiteElo "2486"]
[BlackElo "2235"]
[PlyCount "112"]
[EventDate "2012.03.17"]
[EventType "tourn"]
[EventRounds "9"]
[EventCountry "HUN"]
[EventCategory "7"]
[SourceTitle "CBM 147 Extra"]
[Source "ChessBase"]
[SourceDate "2012.04.24"]
[SourceVersion "1"]
[SourceVersionDate "2012.04.24"]
[SourceQuality "1"]

1. e4 e5 2. Nf3 Nc6 3. Bb5 a6 4. Ba4 d6 5. c4 Bd7 6. d4 g6 7. d5 Nce7 8. Nc3 Bg7 9. 0-0 h6 10. Ne1 f5 11. exf5 gxf5 12. Bxd7+ Qxd7 13. Qh5+ Kf8 14. f4 e4 15. Nc2 Nf6 16. Qe2 Kf7 17. Be3 Rhg8 18. Rad1 Bh8 19. Bd4 Rg6 20. Kh1 Rag8 21. Ne3 h5 22. Bxf6 Bxf6 23. Qxh5 Rh8 24. Qe2 Rgh6 25. h3 Qe8 26. Kh2 Qg8 27. Rh1 Qg7 28. Qe1 Bh4 29. Qd2 Bg3+ 30. Kg1 Bxf4 31. Rf1 Qg5 32. Ncd1 Ng6 33. Qe2 Nh4 34. g4 Nf3+ 35. Rxf3 exf3 36. Qxf3 fxg4 37. Nxg4 Rf6 38. Kg2 Be5 39. Qe2 Rf4 40. Ndf2 Re8 41. Re1 Re7 42. Ne4 Qg6 43. Qe3 Rxg4+ 44. hxg4 Qxg4+ 45. Kf1 Ke8 46. Re2 Rf7+ 47. Ke1 b6 48. Qg5 Qf3 49. Qg2 Qd3 50. Qg8+ Ke7 51. Qg5+ Kd7 52. Qg4+ Kd8 53. Qg8+ Ke7 54. Qg5+ Kd7 55. Qg4+ Kd8 56. Qg8+ Ke7 1/2-1/2